| 000 | 00000nam 2200000zi 4500 |
| 001 | 9.867928 |
| 003 | CaOODSP |
| 005 | 20221107162438 |
| 006 | m o d f |
| 007 | cr ||||||||||| |
| 008 | 190201s1960 onc ot f|0| 0 eng d |
| 040 | |aCaOODSP|beng|erda|cCaOODSP |
| 041 | |aeng|bfre |
| 043 | |an-cn--- |
| 086 | 1 |aM38-1/67-1960E-PDF |
| 100 | 1 |aGuest, R. J., |eauthor. |
| 245 | 14|aThe determination of total rare earths in high grade uranium products / |cby R. J. Guest. |
| 264 | 1|aOttawa, Ontario : |bDepartment of Mines and Technical Surveys, |c1960. |
| 300 | |a1 online resource (iv, 22 pages) |
| 336 | |atext|btxt|2rdacontent |
| 337 | |acomputer|bc|2rdamedia |
| 338 | |aonline resource|bcr|2rdacarrier |
| 490 | 1 |aMines Branch Research Report ; |vR 67 |
| 500 | |a"August 1960." |
| 500 | |aTitle from cover. |
| 504 | |aIncludes bibliographic references. |
| 520 | |a"A procedure is described for the determination of total rare earth oxides in high grade uranium products, based on the use of solvent extraction with long-chain alkyl amines. Extraction with tri-isooctylamine from strong hydrochloric acid medium removes uranium, zirconium, and a number of other ions. This is followed by a second extraction from sulphate solution, employing di(tridecyl P) amine to remove thorium. Folrowing further conventional purification steps, mixed rare earth oxides are determined by ignition to the oxides, or by a suitable colorimetric method"--Synopsis, page i. |
| 546 | |aIncludes abstract in French. |
| 692 | 07|2gccst|aChemicals |
| 692 | 07|2gccst|aMetals |
| 710 | 1 |aCanada. |bDepartment of Mines and Technical Surveys. |
| 710 | 1 |aCanada. |bMines Branch. |
| 830 | #0|aResearch report (Canada. Mines Branch)|vR 67.|w(CaOODSP)9.855660 |
| 856 | 40|qPDF|s1.17 MB|uhttps://publications.gc.ca/collections/collection_2019/rncan-nrcan/m38-1/M38-1-67-1960-eng.pdf |